Catálogo

NORMAS Y PROCEDIMIENTOS DE AUDITORIA (Registro nro. 36283)

Detalles MARC
000 -LEADER
fixed length control field 00426nam a2200169 a 4500
001 - CONTROL NUMBER
control field 36283
005 - DATE AND TIME OF LATEST TRANSACTION
control field 20180714004811.0
008 - FIXED-LENGTH DATA ELEMENTS--GENERAL INFORMATION
fixed length control field 140415s1998 000 0 spa d
020 ## - INTERNATIONAL STANDARD BOOK NUMBER
International Standard Book Number 9686964851
041 ## - LANGUAGE CODE
Language code of text/sound track or separate title spa
082 ## - DEWEY DECIMAL CLASSIFICATION NUMBER
Classification number 657.45
Item number NOR
245 00 - TITLE STATEMENT
Title NORMAS Y PROCEDIMIENTOS DE AUDITORIA
250 ## - EDITION STATEMENT
Edition statement 18a ed.
260 ## - PUBLICATION, DISTRIBUTION, ETC.
Place of publication, distribution, etc. [s.l.] :
Name of publisher, distributor, etc. IMCP,
Date of publication, distribution, etc. 1998
300 ## - PHYSICAL DESCRIPTION
Extent 196
650 14 - SUBJECT ADDED ENTRY--TOPICAL TERM
Topical term or geographic name entry element AUDITORIA
General subdivision CONTABILIDAD
Existencias
Withdrawn status Lost status Source of classification or shelving scheme Damaged status Not for loan Collection code Home library Current library Shelving location Date acquired Source of acquisition Total Checkouts Full call number Barcode Price effective from Koha item type Inventory number Date last seen
    Dewey Decimal Classification     General Biblioteca Karol Wojtyla Biblioteca Karol Wojtyla Sala general 03/12/2013 Compra   657.45 NOR 55516 03/12/2013 Libro 151000000000000000021129 05/01/2026
    Dewey Decimal Classification     General Biblioteca Karol Wojtyla Biblioteca Karol Wojtyla Sala general 03/12/2013 Compra   657.45 NOR 55006 03/12/2013 Libro 151000000000000000021128 05/01/2026
    Dewey Decimal Classification     General Tehuacán Tehuacán Sala general 03/12/2013 Compra   657.1 54659 03/12/2013 Libro    
Descarte   Dewey Decimal Classification     General Tehuacán Tehuacán Sala general 03/12/2013 Compra   657.45 502298 03/12/2013 Reserva permanente